Overwatch League Stage Champions - Statistics

General Stats
  • This quiz has been taken 225 times
    131 since last reset
  • The average score is 26 of 30
Answer Stats
Season Tournament Champion % Correct
2018 Playoffs London Spitfire
98%
2019 Playoffs San Francisco Shock
98%
2018 Stage 1 London Spitfire
95%
2019 Stage 2 San Francisco Shock
95%
2023 Playoffs Florida Mayhem
94%
2018 Stage 2 New York Excelsior
94%
2022 Playoffs Dallas Fuel
92%
2021 Playoffs Shanghai Dragons
92%
2019 Stage 1 Vancouver Titans
92%
2020 Playoffs San Francisco Shock
91%
2020 May Melee San Francisco Shock
89%
2019 Stage 3 Shanghai Dragons
89%
2021 June Joust Shanghai Dragons
89%
2018 Stage 3 New York Excelsior
88%
2021 May Melee Dallas Fuel
87%
2021 Countdown Cup Los Angeles Gladiators
87%
2022 Summer Showdown Dallas Fuel
86%
2020 May Melee Shanghai Dragons
86%
2021 Summer Showdown Shanghai Dragons
86%
2020 Countdown Cup San Francisco Shock
85%
2018 Stage 4 Los Angeles Valiant
84%
2023 Pro-Am Tournament Florida Mayhem
83%
2020 Summer Showdown Guangzhou Charge
83%
2020 Countdown Cup Shanghai Dragons
83%
2023 Midseason Madness Atlanta Reign
82%
2022 Kickoff Clash Los Angeles Gladiators
82%
2020 Summer Showdown Paris Eternal
82%
2022 Summer Showdown Shanghai Dragons
82%
2022 Midseason Madness Los Angeles Gladiators
80%
2022 Kickoff Clash Seoul Dynasty
77%
No matching quizzes found
Score Distribution
Percent of People with Each Score
Percentile by Number Answered
Your Score History
You have not taken this quiz since the last reset